El cristianismo celta : orígenes y huellas de una espiritualidad perdida /
Guardat en:
| Autor principal: | |
|---|---|
| Format: | Llibre |
| Idioma: | espanyol |
| Publicat: |
Palma de Mallorca, España :
José J. de Olañeta,
2001, c2001
|
| Col·lecció: | (Medievalia Olañeta ;
27) |
| Matèries: | |
| Etiquetes: |
Sense etiquetes, Sigues el primer a etiquetar aquest registre!
|
MARC
| LEADER | 00000nam^a2200000^a^4500 | ||
|---|---|---|---|
| 001 | 000167750 | ||
| 005 | 20250521000000.0 | ||
| 009 | 20260310101137.65 | ||
| 020 | |a 84-9716-009-6 | ||
| 037 | |a Acervo ITESO - Biblioteca | ||
| 041 | |a ESP | ||
| 082 | |a 940. 12 |b MED V. 27 | ||
| 100 | |a Markale, Jean |e (autor) | ||
| 245 | 1 | 3 | |a El cristianismo celta : |b orígenes y huellas de una espiritualidad perdida / |c J. Markale ; tr. por Agustín López, María Tabuyo. |
| 264 | 4 | |a Palma de Mallorca, España : |b José J. de Olañeta, |c 2001, c2001 | |
| 300 | |a 254 p. | ||
| 336 | |a texto |b txt |2 rdacontenido | ||
| 337 | |a sin mediación |b n |2 rdamedio | ||
| 338 | |a volumen |b nc |2 rdasoporte | ||
| 440 | 1 | |a (Medievalia Olañeta ; |v 27) | |
| 500 | |a Traducción de: Le christianisme celtique et ses survivances populaires | ||
| 649 | |a XX | ||
| 650 | |a Celtas - |z Irlanda - |x Condiciones Sociales y Culturales | ||
| 650 | |a Tribus Germánicas - |x Historia | ||
| 650 | |a Oración (Religión) | ||
| 650 | |a Ayuno | ||
| 650 | |a Herejes y Herejías - |z Irlanda - |x Historia | ||
| 650 | |a Ritos Religiosos - |z Irlanda - |x Historia | ||
| 650 | |a Ritos Religiosos - |z Irlanda - |x Historia | ||
| 650 | |a Templos Cristianos- |z Irlanda - |x Historia | ||
| 650 | |a Cristianismo - |z Irlanda - |x Historia | ||
| 650 | |a Druidas y Druismo - |z Irlanda - |x Historia | ||
| 650 | |a Encantamientos - |z Irlanda - |x Historia | ||
| 650 | |a Mitología Celta - |z Irlanda - |x Historia | ||
| 650 | |a Ciencias Ocultas - |z Irlanda - |x Historia | ||
| 650 | |a Monasticismo y Ordenes Religiosas - |z Irlanda - |x Historia | ||
| 650 | |a Religión Primitiva - |z Irlanda - |x Historia | ||
| 650 | |a Simbolismo - |z Irlanda - |x Historia | ||
| 650 | |a Representación Social - |z Irlanda - |x Historia | ||
| 650 | |a Creencias - |z Irlanda - |x Historia | ||
| 650 | |a Prácticas Culturales - |z Irlanda - |x Historia | ||
| 650 | |a Religión - |z Irlanda - |x Historia | ||
| 650 | |a Prácticas Culturales - |z Irlanda - |x Historia | ||
| 650 | |a Cristianismo - |z Europa - |x Historia | ||
| 650 | |a Religión - |z Europa - |x Historia | ||
| 650 | |a Irlanda - |x Historia Antigua | ||
| 650 | |a Europa - |x Historia - |y 476-1492 | ||
| 650 | |a Edad Media - |x Historia | ||
| 910 | |a Fondo General | ||
| 920 | |a Impresos - Libros | ||
| 930 | |a Colección General | ||
| 905 | |a 101 | ||
| 901 | |a 0500103347 |b IT1 |c ACC |u 20250521 | ||
| 901 | |a 0500109408 |b IT1 |c ACC |u 20250521 | ||
| 902 | |a https://opac.biblio.iteso.mx/vufind/Record/000167750 | ||